[Event "ccc 2015 1"]
[Site "?"]
[Date "2015.04.30"]
[Round "3.1"]
[White "Danielsen, Henrik"]
[Black "Shen, Victor"]
[Result "1/2-1/2"]
[BlackElo "2394"]
[WhiteElo "2520"]
[LiveChessVersion "1.4.5"]

1. e4 {[%clk 1:30:58]} e5 {[%clk 1:30:49]} 2. Nf3 {[%clk 1:31:16]} Nc6
{[%clk 1:31:13]} 3. Be2 {[%clk 1:31:35]} Nf6 {[%clk 1:31:05]} 4. d3
{[%clk 1:31:53]} d5 {[%clk 1:30:56]} 5. Nbd2 {[%clk 1:32:00]} Be7
{[%clk 1:31:04]} 6. a3 {[%clk 1:31:39]} a5 {[%clk 1:30:53]} 7. b3
{[%clk 1:32:06]} O-O {[%clk 1:28:40]} 8. Bb2 {[%clk 1:32:24]} d4 {[%clk 1:23:41]}
9. O-O {[%clk 1:32:37]} Re8 {[%clk 1:22:26]} 10. Kh1 {[%clk 1:32:35]} Bf8
{[%clk 1:21:39]} 11. Ng1 {[%clk 1:32:20]} g6 {[%clk 1:20:35]} 12. g3
{[%clk 1:32:24]} Nd7 {[%clk 1:14:01]} 13. f4 {[%clk 1:30:01]} exf4
{[%clk 1:13:40]} 14. gxf4 {[%clk 1:28:02]} Bh6 {[%clk 1:12:17]} 15. Qe1
{[%clk 1:24:51]} Nc5 {[%clk 1:10:25]} 16. Qg3 {[%clk 1:21:38]} f5
{[%clk 0:53:12]} 17. Bf3 {[%clk 1:19:48]} Rf8 {[%clk 0:47:16]} 18. Ne2
{[%clk 1:18:24]} fxe4 {[%clk 0:46:17]} 19. Nxe4 {[%clk 1:18:35]} Ne6
{[%clk 0:38:16]} 20. Bg4 {[%clk 1:17:16]} Ng7 {[%clk 0:36:13]} 21. Bxc8
{[%clk 1:17:04]} Rxc8 {[%clk 0:36:23]} 22. Qh3 {[%clk 1:15:34]} Nf5
{[%clk 0:35:15]} 23. Rg1 {[%clk 1:14:22]} Qd5 {[%clk 0:33:33]} 24. Rg2
{[%clk 1:13:16]} Bg7 {[%clk 0:30:51]} 25. Ng5 {[%clk 1:13:21]} Bh6
{[%clk 0:29:17]} 26. Ne4 {[%clk 1:11:18]} Bg7 {[%clk 0:29:05]} 27. Ng5
{[%clk 1:10:28]} h6 {[%clk 0:21:59]} 28. Ne4 {[%clk 1:09:45]} Nce7
{[%clk 0:22:15]} 29. Rag1 {[%clk 1:08:56]} Ne3 {[%clk 0:16:26]} 30. Rxg6
{[%clk 1:09:01]} Nxg6 {[%clk 0:15:49]} 31. Rxg6 {[%clk 1:09:29]} Nf5
{[%clk 0:12:01]} 32. Qg2 {[%clk 1:06:37]} Kh8 {[%clk 0:07:12]} 33. Rxg7
{[%clk 1:04:40]} Nxg7 {[%clk 0:07:40]} 34. Bxd4 {[%clk 0:58:57]} Qf7
{[%clk 0:07:58]} 35. N2g3 {[%clk 0:58:55]} c5 {[%clk 0:03:36]} 36. Be5
{[%clk 0:54:19]} Rc6 {[%clk 0:01:51]} 37. f5 {[%clk 0:51:01]} Kh7
{[%clk 0:01:31]} 38. Qh3 {[%clk 0:49:36]} Qd5 {[%clk 0:01:22]} 39. Bxg7
{[%clk 0:43:35]} Kxg7 {[%clk 0:01:51]} 40. a4 {[%clk 0:43:15]} Kh8
{[%clk 0:01:30]} 41. Qf1 {[%clk 0:40:38]} Qe5 {[%clk 0:01:31]} 42. Qf2
{[%clk 0:40:13]} b6 {[%clk 0:00:35]} 43. Qf3 {[%clk 0:39:43]} Rc7
{[%clk 0:00:35]} 44. Qh5 {[%clk 0:39:06]} Qf4 {[%clk 0:00:37]} 45. Kg2
{[%clk 0:38:24]} Rg7 {[%clk 0:00:34]} 46. Kh3 {[%clk 0:38:09]} Rgf7
{[%clk 0:00:37]} 47. f6 {[%clk 0:34:41]} Rxf6 {[%clk 0:00:58]} 48. Nxf6
{[%clk 0:35:05]} Qxf6 {[%clk 0:01:09]} 49. Qe2 {[%clk 0:35:11]} Rd8
{[%clk 0:01:00]} 50. Qe4 {[%clk 0:35:14]} Rf8 {[%clk 0:00:51]} 51. Qe2
{[%clk 0:35:30]} Rg8 {[%clk 0:00:40]} 52. Qe4 {[%clk 0:35:40]} Rd8
{[%clk 0:00:58]} 53. Kg2 {[%clk 0:34:55]} Rg8 {[%clk 0:01:00]} 54. Kh3
{[%clk 0:35:05]} Rf8 {[%clk 0:00:46]} 55. Qe2 {[%clk 0:35:17]} Rd8
{[%clk 0:00:48]} 1/2-1/2

[Event "ccc 2015 1"]
[Site "?"]
[Date "2015.04.30"]
[Round "3.2"]
[White "Hagen, Andreas Skytte"]
[Black "Tari, Aryan"]
[Result "1/2-1/2"]
[BlackElo "2513"]
[WhiteElo "2408"]
[LiveChessVersion "1.4.5"]

1. Nf3 {[%clk 1:30:52]} d5 {[%clk 1:30:45]} 2. g3 {[%clk 1:30:41]} g6
{[%clk 1:31:05]} 3. c4 {[%clk 1:28:33]} dxc4 {[%clk 1:31:08]} 4. Na3
{[%clk 1:26:52]} Bg7 {[%clk 1:24:15]} 5. Nxc4 {[%clk 1:26:54]} b5
{[%clk 1:17:37]} 6. Ne3 {[%clk 1:17:56]} Bb7 {[%clk 1:05:15]} 7. Bg2
{[%clk 1:18:17]} c5 {[%clk 0:59:56]} 8. a4 {[%clk 1:14:17]} b4 {[%clk 0:59:47]}
9. O-O {[%clk 1:11:58]} Nf6 {[%clk 0:58:35]} 10. d3 {[%clk 1:06:12]} O-O
{[%clk 0:56:58]} 11. Nc4 {[%clk 1:04:34]} Nd5 {[%clk 0:53:56]} 12. Nfd2
{[%clk 1:00:25]} Na6 {[%clk 0:44:58]} 13. Nb3 {[%clk 0:59:06]} Rc8
{[%clk 0:44:55]} 14. Qc2 {[%clk 0:50:44]} Qd7 {[%clk 0:44:30]} 15. Rd1
{[%clk 0:36:17]} Rfd8 {[%clk 0:40:27]} 16. Nca5 {[%clk 0:29:08]} Ba8
{[%clk 0:40:14]} 17. Qc4 {[%clk 0:27:28]} Qe6 {[%clk 0:31:50]} 18. Kf1
{[%clk 0:22:00]} Qb6 {[%clk 0:19:08]} 19. Rd2 {[%clk 0:19:35]} Nb8
{[%clk 0:11:13]} 20. Rc2 {[%clk 0:10:54]} Nc6 {[%clk 0:11:42]} 21. Nxc6
{[%clk 0:09:50]} Qxc6 {[%clk 0:12:10]} 22. Bf3 {[%clk 0:09:37]} Qd6
{[%clk 0:09:15]} 23. a5 {[%clk 0:08:08]} Rc7 {[%clk 0:06:59]} 24. Bd2
{[%clk 0:07:11]} e5 {[%clk 0:06:43]} 25. Rac1 {[%clk 0:06:54]} Rdc8
{[%clk 0:06:44]} 26. Qh4 {[%clk 0:04:32]} Bf6 {[%clk 0:03:56]} 27. Qh3
{[%clk 0:03:54]} Bb7 {[%clk 0:03:18]} 28. Bg4 {[%clk 0:03:11]} Be7
{[%clk 0:00:53]} 29. Bxc8 {[%clk 0:03:07]} Bxc8 {[%clk 0:01:22]} 30. Qg2
{[%clk 0:03:19]} Bb7 {[%clk 0:01:39]} 31. f3 {[%clk 0:03:19]} Rc6
{[%clk 0:02:09]} 32. Qf2 {[%clk 0:02:52]} Qc7 {[%clk 0:02:38]} 33. Rxc5
{[%clk 0:01:40]} Bxc5 {[%clk 0:02:44]} 34. Rxc5 {[%clk 0:02:05]} Qd7
{[%clk 0:02:36]} 35. Kg2 {[%clk 0:01:36]} Rd6 {[%clk 0:00:34]} 36. Rc4
{[%clk 0:01:13]} Rc6 {[%clk 0:00:35]} 37. Nc5 {[%clk 0:01:12]} Qc7
{[%clk 0:01:05]} 38. Bxb4 {[%clk 0:00:40]} Nxb4 {[%clk 0:01:18]} 39. Rxb4 Rxc5
{[%clk 0:01:47]} 40. Rxb7 {[%clk 0:01:17]} Qxb7 {[%clk 0:01:45]} 41. Qxc5
{[%clk 0:01:42]} Qxb2 {[%clk 0:02:13]} 42. Kf2 {[%clk 0:01:55]} a6
{[%clk 0:01:33]} 43. Qb6 {[%clk 0:01:44]} Qa1 {[%clk 0:01:05]} 44. Kg2
{[%clk 0:01:15]} Kg7 {[%clk 0:01:11]} 45. Qxa6 {[%clk 0:00:48]} Qe1
{[%clk 0:01:40]} 46. d4 {[%clk 0:00:47]} exd4 {[%clk 0:02:09]} 47. Qb5
{[%clk 0:00:45]} d3 {[%clk 0:02:22]} 48. Qxd3 {[%clk 0:00:33]} Qxa5
{[%clk 0:02:50]} 49. Qd4+ {[%clk 0:00:46]} Kg8 {[%clk 0:03:12]} 50. g4
{[%clk 0:01:06]} h5 {[%clk 0:03:31]} 51. Qe4 {[%clk 0:00:44]} hxg4
{[%clk 0:03:42]} 52. fxg4 {[%clk 0:01:02]} Qg5 {[%clk 0:03:20]} 53. Kg3
{[%clk 0:01:14]} Qc1 {[%clk 0:03:38]} 54. Kg2 {[%clk 0:01:29]} Qg5
{[%clk 0:04:00]} 55. h3 {[%clk 0:01:44]} Qf6 {[%clk 0:03:19]} 56. Qf3
{[%clk 0:02:04]} Qh4 {[%clk 0:03:26]} 57. Qg3 {[%clk 0:02:15]} Qe7
{[%clk 0:03:50]} 58. e3 {[%clk 0:02:09]} Qb7+ {[%clk 0:04:04]} 59. Qf3
{[%clk 0:02:30]} Qb2+ {[%clk 0:03:46]} 60. Qf2 {[%clk 0:02:52]} Qb7+
{[%clk 0:03:41]} 61. Kg3 {[%clk 0:03:09]} Qc7+ {[%clk 0:03:23]} 62. Qf4
{[%clk 0:03:23]} Qc1 {[%clk 0:03:48]} 63. Qf2 {[%clk 0:02:47]} Qc7+
{[%clk 0:04:08]} 64. Kg2 {[%clk 0:03:04]} Qb7+ {[%clk 0:04:25]} 65. Qf3
{[%clk 0:02:51]} Qb2+ {[%clk 0:04:48]} 66. Qf2 {[%clk 0:03:00]} 1/2-1/2

[Event "ccc 2015 1"]
[Site "?"]
[Date "2015.04.30"]
[Round "3.3"]
[White "Kristensen, Kåre Hove"]
[Black "Semcesen, Daniel"]
[Result "1/2-1/2"]
[BlackElo "2481"]
[WhiteElo "2380"]
[LiveChessVersion "1.4.5"]

1. e4 {[%clk 1:30:57]} d6 {[%clk 1:29:14]} 2. d4 {[%clk 1:30:37]} Nf6
{[%clk 1:29:35]} 3. Nc3 {[%clk 1:30:59]} e5 {[%clk 1:29:48]} 4. Nf3
{[%clk 1:30:38]} Nbd7 {[%clk 1:30:07]} 5. Bc4 {[%clk 1:30:54]} Be7
{[%clk 1:30:32]} 6. dxe5 {[%clk 1:29:44]} Nxe5 {[%clk 1:30:36]} 7. Nxe5
{[%clk 1:29:25]} dxe5 {[%clk 1:30:59]} 8. Qxd8+ {[%clk 1:28:28]} Bxd8
{[%clk 1:31:22]} 9. a4 {[%clk 1:28:47]} a5 {[%clk 1:30:43]} 10. f3
{[%clk 1:26:05]} c6 {[%clk 1:29:55]} 11. Be3 {[%clk 1:21:50]} Nd7
{[%clk 1:29:45]} 12. Ke2 {[%clk 1:15:02]} Bb6 {[%clk 1:27:41]} 13. Rhd1
{[%clk 1:12:10]} Bxe3 {[%clk 1:27:41]} 14. Kxe3 {[%clk 1:12:32]} Ke7
{[%clk 1:25:17]} 15. Rd2 {[%clk 1:07:14]} Nc5 {[%clk 1:21:40]} 16. Rad1
{[%clk 1:04:51]} f6 {[%clk 1:19:38]} 17. b3 {[%clk 1:03:37]} Bd7 {[%clk 1:19:24]}
18. g3 {[%clk 0:54:32]} Rad8 {[%clk 1:16:53]} 19. h4 {[%clk 0:39:46]} h6
{[%clk 1:13:17]} 20. g4 {[%clk 0:32:15]} Bc8 {[%clk 1:10:28]} 21. Rxd8
{[%clk 0:32:22]} Rxd8 {[%clk 1:10:56]} 22. Rg1 {[%clk 0:30:15]} Be6
{[%clk 1:09:54]} 23. Bxe6 {[%clk 0:29:20]} Nxe6 {[%clk 1:09:35]} 24. Ne2
{[%clk 0:27:49]} Rd7 {[%clk 1:04:37]} 25. Ng3 {[%clk 0:25:13]} Kd8
{[%clk 1:04:46]} 26. Rg2 {[%clk 0:20:18]} Kc7 {[%clk 0:57:39]} 27. Rd2
{[%clk 0:16:09]} Rxd2 {[%clk 0:51:36]} 28. Kxd2 {[%clk 0:16:24]} Nd4
{[%clk 0:51:18]} 29. Nf5 {[%clk 0:15:34]} Nxf5 {[%clk 0:38:13]} 30. exf5
{[%clk 0:14:26]} Kd6 {[%clk 0:38:03]} 31. c4 {[%clk 0:10:40]} Kc5
{[%clk 0:37:52]} 32. Kc3 {[%clk 0:10:59]} b5 {[%clk 0:32:13]} 33. cxb5
{[%clk 0:10:32]} cxb5 {[%clk 0:32:34]} 34. axb5 {[%clk 0:09:46]} Kxb5
{[%clk 0:33:01]} 35. Kc2 {[%clk 0:09:09]} Kb4 {[%clk 0:33:13]} 36. Kb2
{[%clk 0:09:24]} a4 {[%clk 0:30:00]} 37. bxa4 {[%clk 0:08:41]} Kxa4
{[%clk 0:30:24]} 38. Kc3 {[%clk 0:08:46]} Kb5 {[%clk 0:30:52]} 39. Kb3
{[%clk 0:09:01]} Kc5 {[%clk 0:31:16]} 40. Kc3 {[%clk 0:09:22]} Kd5
{[%clk 0:31:29]} 41. Kd3 {[%clk 0:09:38]} Kc5 {[%clk 0:31:54]} 42. Kc3
{[%clk 0:09:37]} Kb5 {[%clk 0:32:16]} 43. Kb3 {[%clk 0:09:58]} Kc5
{[%clk 0:32:41]} 1/2-1/2

[Event "ccc 2015 1"]
[Site "?"]
[Date "2015.04.30"]
[Round "3.4"]
[White "Gledura, Benjamin"]
[Black "Ahlander, Bjørn"]
[Result "1-0"]
[BlackElo "2372"]
[WhiteElo "2478"]
[LiveChessVersion "1.4.5"]

1. d4 {[%clk 1:29:13]} c5 {[%clk 1:30:59]} 2. d5 {[%clk 1:28:57]} e6 3. c4
{[%clk 1:26:41]} exd5 {[%clk 1:31:18]} 4. cxd5 {[%clk 1:27:05]} d6 5. Nc3
{[%clk 1:27:16]} Ne7 {[%clk 1:32:05]} 6. Nf3 {[%clk 1:25:33]} Ng6
{[%clk 1:30:31]} 7. h4 {[%clk 1:14:19]} Nd7 {[%clk 1:30:07]} 8. e4
{[%clk 1:12:54]} Be7 {[%clk 1:29:35]} 9. g3 O-O {[%clk 1:29:54]} 10. Be2
{[%clk 1:03:37]} a6 {[%clk 1:24:34]} 11. a4 {[%clk 0:58:22]} Re8 12. h5
{[%clk 0:58:10]} Nge5 {[%clk 1:23:31]} 13. Nd2 Nf6 {[%clk 1:16:38]} 14. f3
{[%clk 0:52:46]} Bf8 {[%clk 1:11:52]} 15. Nf1 {[%clk 0:50:18]} Rb8
{[%clk 1:10:23]} 16. Ne3 {[%clk 0:49:02]} b5 17. axb5 {[%clk 0:48:46]} axb5
{[%clk 1:10:46]} 18. Bxb5 {[%clk 0:48:04]} Re7 {[%clk 1:01:45]} 19. Be2
{[%clk 0:38:02]} h6 20. f4 {[%clk 0:37:53]} Ned7 {[%clk 1:01:56]} 21. Bf3 Re8
{[%clk 0:59:34]} 22. O-O {[%clk 0:36:39]} Rb4 {[%clk 0:58:37]} 23. Nc2
{[%clk 0:32:05]} Rb8 {[%clk 0:55:00]} 24. Re1 {[%clk 0:25:41]} Qb6
{[%clk 0:53:58]} 25. Ne3 Ba6 {[%clk 0:54:11]} 26. Kh1 {[%clk 0:20:09]} Ra8
{[%clk 0:53:48]} 27. Ra4 {[%clk 0:16:12]} Qc7 {[%clk 0:47:05]} 28. b3
{[%clk 0:14:57]} Reb8 {[%clk 0:40:55]} 29. Bb2 {[%clk 0:13:22]} Qb6
{[%clk 0:35:05]} 30. Ra3 {[%clk 0:12:00]} Qc7 31. Qc2 {[%clk 0:10:50]} Ne8
{[%clk 0:31:11]} 32. Nc4 Bc8 {[%clk 0:25:16]} 33. Rxa8 {[%clk 0:10:51]} Rxa8
{[%clk 0:25:22]} 34. e5 {[%clk 0:05:35]} Rb8 35. Ne4 Bb7 {[%clk 0:21:58]} 36. Qd3
{[%clk 0:05:25]} Nb6 37. exd6 {[%clk 0:04:38]} Nxd6 {[%clk 0:20:58]} 38. Nexd6
{[%clk 0:04:38]} Bxd6 {[%clk 0:21:24]} 39. Nxd6 {[%clk 0:04:44]} Qxd6
{[%clk 0:21:50]} 40. Be5 {[%clk 0:04:53]} Qd7 {[%clk 0:22:10]} 41. Bxb8 Qh3+
{[%clk 0:15:37]} 42. Kg1 {[%clk 0:05:18]} Qxg3+ {[%clk 0:15:59]} 43. Kf1
{[%clk 0:05:41]} Qh3+ {[%clk 0:16:21]} 44. Kf2 Qh4+ {[%clk 0:15:09]} 45. Ke2
{[%clk 0:06:06]} Qd8 {[%clk 0:14:39]} 46. Be5 {[%clk 0:05:29]} f6 47. Bb2 Bxd5
{[%clk 0:11:22]} 48. Bxd5+ {[%clk 0:05:45]} Nxd5 49. Kf2 Qd6 {[%clk 0:10:26]} 50.
Re8+ {[%clk 0:05:09]} 1-0

[Event "ccc 2015 1"]
[Site "?"]
[Date "2015.04.30"]
[Round "3.5"]
[White "Nielsen, Jens Ove Fries"]
[Black "Percivaldi, Martin"]
[Result "1/2-1/2"]
[BlackElo "2333"]
[WhiteElo "2458"]
[LiveChessVersion "1.4.5"]

1. e3 {[%clk 1:30:13]} d5 {[%clk 1:30:35]} 2. Nf3 {[%clk 1:28:58]} Nf6
{[%clk 1:30:33]} 3. b4 {[%clk 1:28:08]} Bf5 {[%clk 1:28:41]} 4. c4
{[%clk 1:26:50]} c6 {[%clk 1:24:24]} 5. cxd5 {[%clk 1:22:50]} cxd5
{[%clk 1:24:05]} 6. Bb2 {[%clk 1:22:00]} Nbd7 {[%clk 1:19:58]} 7. a3
{[%clk 1:18:39]} e6 {[%clk 1:18:24]} 8. Nc3 {[%clk 1:14:32]} h6 {[%clk 1:10:04]}
9. Be2 {[%clk 1:14:50]} Be7 {[%clk 1:10:10]} 10. Nd4 {[%clk 1:14:37]} Bh7
{[%clk 1:07:46]} 11. f4 {[%clk 1:14:25]} a5 {[%clk 1:03:31]} 12. b5
{[%clk 1:10:06]} O-O {[%clk 1:01:30]} 13. O-O {[%clk 1:10:12]} Nb6
{[%clk 0:58:29]} 14. d3 {[%clk 1:01:45]} Bc5 {[%clk 0:57:15]} 15. Na4
{[%clk 1:02:13]} Nxa4 {[%clk 0:57:30]} 16. Qxa4 {[%clk 1:02:42]} Qe7
{[%clk 0:55:23]} 17. Rac1 {[%clk 1:01:20]} Nd7 {[%clk 0:54:36]} 18. Kh1
{[%clk 1:01:00]} Rfc8 {[%clk 0:44:50]} 19. Qb3 {[%clk 0:58:41]} a4
{[%clk 0:43:14]} 20. Qa2 {[%clk 0:54:11]} Qd6 {[%clk 0:42:06]} 21. Rcd1
{[%clk 0:52:17]} Qb6 {[%clk 0:37:21]} 22. Qa1 {[%clk 0:42:02]} Be7
{[%clk 0:36:19]} 23. Rf3 {[%clk 0:38:28]} Bf6 {[%clk 0:36:00]} 24. Rg3
{[%clk 0:38:51]} e5 {[%clk 0:34:36]} 25. fxe5 {[%clk 0:37:13]} Bxe5
{[%clk 0:32:44]} 26. Nc6 {[%clk 0:35:34]} Bxg3 {[%clk 0:23:33]} 27. Ne7+
{[%clk 0:32:12]} Kf8 {[%clk 0:24:02]} 28. Nxc8 {[%clk 0:29:13]} Qg6
{[%clk 0:14:59]} 29. Rc1 {[%clk 0:27:51]} Bf2 {[%clk 0:15:21]} 30. Bd4
{[%clk 0:27:25]} Qg5 {[%clk 0:15:12]} 31. Nd6 {[%clk 0:18:23]} Bxe3
{[%clk 0:15:18]} 32. Rf1 {[%clk 0:18:26]} Bxd4 {[%clk 0:13:35]} 33. Qxd4
{[%clk 0:17:33]} Nf6 {[%clk 0:13:44]} 1/2-1/2

[Event "ccc 2015 1"]
[Site "?"]
[Date "2015.04.30"]
[Round "3.6"]
[White "Nielsen, Thomas Bach"]
[Black "Galyas, Miklos"]
[Result "0-1"]
[BlackElo "2449"]
[WhiteElo "2197"]
[LiveChessVersion "1.4.5"]

1. d4 {[%clk 1:30:58]} d6 {[%clk 1:27:56]} 2. c4 {[%clk 1:28:25]} e5
{[%clk 1:28:06]} 3. dxe5 {[%clk 1:26:25]} dxe5 {[%clk 1:28:20]} 4. Qxd8+
{[%clk 1:26:43]} Kxd8 {[%clk 1:28:48]} 5. Nc3 {[%clk 1:26:04]} Be6
{[%clk 1:27:37]} 6. Nf3 {[%clk 1:20:41]} f6 {[%clk 1:27:58]} 7. b3
{[%clk 1:20:37]} c6 {[%clk 1:27:54]} 8. Bb2 {[%clk 1:18:44]} Nd7 {[%clk 1:27:57]}
9. g3 {[%clk 1:15:40]} a5 {[%clk 1:24:50]} 10. Bg2 {[%clk 1:14:13]} Nc5
{[%clk 1:24:34]} 11. Nd2 {[%clk 1:12:12]} Nh6 {[%clk 1:22:56]} 12. O-O
{[%clk 1:09:41]} Nf7 {[%clk 1:21:28]} 13. a3 {[%clk 1:07:04]} Kc7
{[%clk 1:18:49]} 14. b4 {[%clk 1:00:18]} Rd8 {[%clk 1:17:24]} 15. bxc5
{[%clk 0:53:10]} Rxd2 {[%clk 1:17:39]} 16. Na4 {[%clk 0:53:27]} Rxe2
{[%clk 1:03:58]} 17. Bc3 {[%clk 0:53:46]} Rc2 {[%clk 1:00:32]} 18. Bxa5+
{[%clk 0:53:54]} Kb8 {[%clk 0:59:55]} 19. Rfb1 {[%clk 0:51:04]} Ka7
{[%clk 0:53:59]} 20. Bf1 {[%clk 0:38:33]} Bxc4 {[%clk 0:42:35]} 21. Rb4
{[%clk 0:36:50]} Bxf1 {[%clk 0:41:19]} 22. Bb6+ {[%clk 0:31:01]} Kb8
{[%clk 0:38:41]} 23. Kxf1 {[%clk 0:31:22]} Be7 {[%clk 0:36:19]} 24. Rab1
{[%clk 0:31:44]} Kc8 {[%clk 0:34:09]} 25. R4b2 {[%clk 0:24:58]} Rxb2
{[%clk 0:33:59]} 26. Nxb2 {[%clk 0:25:04]} Bd8 {[%clk 0:24:55]} 27. Nc4
{[%clk 0:24:26]} Bxb6 {[%clk 0:24:19]} 28. Nxb6+ {[%clk 0:22:09]} Kc7
{[%clk 0:22:45]} 29. a4 {[%clk 0:22:18]} Rd8 {[%clk 0:21:58]} 30. Ke2
{[%clk 0:22:00]} Ng5 {[%clk 0:20:26]} 31. a5 {[%clk 0:20:44]} Ne6
{[%clk 0:19:56]} 32. Rc1 {[%clk 0:20:20]} Rd4 {[%clk 0:19:53]} 33. Ke3
{[%clk 0:18:37]} Rb4 {[%clk 0:19:27]} 34. f4 {[%clk 0:18:53]} exf4+
{[%clk 0:17:47]} 35. gxf4 {[%clk 0:19:12]} Nxf4 {[%clk 0:17:18]} 36. Rd1
{[%clk 0:19:12]} Ne6 {[%clk 0:14:56]} 37. Rd7+ {[%clk 0:19:12]} Kb8
{[%clk 0:15:18]} 38. Re7 {[%clk 0:19:06]} Nxc5 {[%clk 0:15:14]} 39. Rxg7
{[%clk 0:18:44]} Rb3+ {[%clk 0:15:01]} 40. Kf2 {[%clk 0:13:22]} Rh3
{[%clk 0:13:55]} 41. Kg2 {[%clk 0:13:02]} Rh6 {[%clk 0:13:47]} 42. Rf7
{[%clk 0:13:02]} Ka7 {[%clk 0:13:39]} 43. Nd7 {[%clk 0:11:01]} Nxd7
{[%clk 0:13:38]} 44. Rxd7 {[%clk 0:11:26]} Ka6 {[%clk 0:13:41]} 45. Kg3
{[%clk 0:11:46]} f5 {[%clk 0:13:33]} 46. Kf4 {[%clk 0:11:57]} Rxh2
{[%clk 0:13:21]} 47. Kxf5 {[%clk 0:12:15]} h5 {[%clk 0:13:28]} 48. Kg5
{[%clk 0:12:25]} Rh1 {[%clk 0:13:10]} 49. Rc7 {[%clk 0:12:35]} h4
{[%clk 0:13:18]} 50. Kg4 {[%clk 0:13:01]} h3 {[%clk 0:13:41]} 51. Kg3
{[%clk 0:13:21]} h2 {[%clk 0:13:55]} 52. Kg2 {[%clk 0:13:42]} Ra1
{[%clk 0:14:20]} 53. Kxh2 {[%clk 0:14:07]} Rxa5 {[%clk 0:14:42]} 54. Kg2
{[%clk 0:14:30]} Rf5 {[%clk 0:15:05]} 0-1

[Event "ccc 2015 1"]
[Site "?"]
[Date "2015.04.30"]
[Round "3.7"]
[White "Pedersen, Nicolai Kvist Brondt"]
[Black "Haub, Thorsten Michael"]
[Result "0-1"]
[BlackElo "2412"]
[WhiteElo "2146"]
[LiveChessVersion "1.4.5"]

1. d4 {[%clk 1:28:01]} g6 {[%clk 1:30:53]} 2. g3 {[%clk 1:28:13]} Bg7
{[%clk 1:31:11]} 3. Bg2 {[%clk 1:28:32]} f5 {[%clk 1:31:28]} 4. Nf3
{[%clk 1:27:22]} Nf6 {[%clk 1:31:50]} 5. O-O {[%clk 1:25:18]} O-O
{[%clk 1:32:02]} 6. Nbd2 {[%clk 1:23:01]} c6 {[%clk 1:29:05]} 7. Re1
{[%clk 1:21:13]} d5 {[%clk 1:19:09]} 8. Ne5 {[%clk 1:20:53]} Be6 {[%clk 1:18:54]}
9. Ndf3 {[%clk 1:18:21]} Ne4 {[%clk 1:19:16]} 10. c3 {[%clk 1:10:24]} Qb6
{[%clk 1:09:29]} 11. Qb3 {[%clk 1:02:27]} Nd7 {[%clk 0:53:40]} 12. Nxd7
{[%clk 0:58:48]} Bxd7 {[%clk 0:54:04]} 13. Bf4 {[%clk 0:57:06]} Rfc8
{[%clk 0:46:23]} 14. Ne5 {[%clk 0:51:48]} Be6 {[%clk 0:45:19]} 15. Nd3
{[%clk 0:47:43]} Bf7 {[%clk 0:41:30]} 16. Be5 {[%clk 0:42:38]} Bh6
{[%clk 0:35:03]} 17. Bf4 {[%clk 0:40:06]} Bf8 {[%clk 0:34:27]} 18. Ne5
{[%clk 0:31:44]} Be6 {[%clk 0:29:36]} 19. Rad1 {[%clk 0:30:00]} Nf6
{[%clk 0:28:48]} 20. Nd3 {[%clk 0:28:11]} Nd7 {[%clk 0:28:59]} 21. Be5
{[%clk 0:25:58]} Bf7 {[%clk 0:28:12]} 22. Qb4 {[%clk 0:22:27]} Qxb4
{[%clk 0:21:22]} 23. cxb4 {[%clk 0:20:16]} a5 {[%clk 0:21:39]} 24. a3
{[%clk 0:19:44]} Nxe5 {[%clk 0:19:34]} 25. Nxe5 {[%clk 0:18:54]} axb4
{[%clk 0:19:32]} 26. axb4 {[%clk 0:19:20]} e6 {[%clk 0:19:42]} 27. Nd3
{[%clk 0:17:24]} Ra6 {[%clk 0:20:00]} 28. Ra1 {[%clk 0:16:15]} Rca8
{[%clk 0:20:08]} 29. Rxa6 {[%clk 0:15:22]} Rxa6 {[%clk 0:20:30]} 30. Rc1
{[%clk 0:13:21]} Rb6 {[%clk 0:19:44]} 31. Rc3 {[%clk 0:11:46]} Bxb4
{[%clk 0:16:11]} 32. Rb3 {[%clk 0:11:50]} Ba5 {[%clk 0:15:27]} 33. Ra3
{[%clk 0:10:12]} Ra6 {[%clk 0:09:23]} 34. b4 {[%clk 0:09:51]} Bb6
{[%clk 0:09:32]} 35. Rxa6 {[%clk 0:09:56]} bxa6 {[%clk 0:09:58]} 36. e3
{[%clk 0:08:23]} a5 {[%clk 0:09:43]} 37. bxa5 {[%clk 0:08:51]} Bxa5
{[%clk 0:10:07]} 38. Nc5 {[%clk 0:08:24]} Kf8 {[%clk 0:08:58]} 39. Bf1
{[%clk 0:07:01]} Ke7 {[%clk 0:07:16]} 40. Ba6 {[%clk 0:06:29]} Bb4
{[%clk 0:07:31]} 41. Nd3 {[%clk 0:06:12]} Bd6 {[%clk 0:07:31]} 42. f4
{[%clk 0:05:45]} Kd7 {[%clk 0:07:15]} 43. Kf2 {[%clk 0:04:19]} Kc7
{[%clk 0:07:30]} 44. Ne1 {[%clk 0:04:13]} Be8 {[%clk 0:06:33]} 45. Nf3
{[%clk 0:04:10]} h6 {[%clk 0:06:48]} 46. h3 {[%clk 0:03:52]} c5 {[%clk 0:06:51]}
47. dxc5 {[%clk 0:04:09]} Bxc5 {[%clk 0:07:15]} 48. Nd4 {[%clk 0:03:51]} Kd6
{[%clk 0:06:58]} 49. Be2 {[%clk 0:03:07]} Bb6 {[%clk 0:06:33]} 50. Nf3
{[%clk 0:03:04]} Ba5 {[%clk 0:06:34]} 51. Nd4 {[%clk 0:02:42]} e5
{[%clk 0:06:01]} 52. fxe5+ {[%clk 0:02:03]} Kxe5 {[%clk 0:06:24]} 53. g4
{[%clk 0:01:55]} f4 {[%clk 0:06:05]} 54. Nf3+ {[%clk 0:01:20]} Ke4
{[%clk 0:06:24]} 55. exf4 {[%clk 0:01:25]} Kxf4 {[%clk 0:06:42]} 56. Bd3
{[%clk 0:01:12]} Bb6+ {[%clk 0:06:28]} 57. Ke2 {[%clk 0:01:34]} g5
{[%clk 0:06:13]} 58. h4 {[%clk 0:00:48]} Bd7 {[%clk 0:04:05]} 59. hxg5
{[%clk 0:00:38]} Bxg4 {[%clk 0:04:00]} 60. gxh6 {[%clk 0:00:42]} Bxf3+
{[%clk 0:04:22]} 61. Kd2 {[%clk 0:00:51]} Bd4 {[%clk 0:02:47]} 62. Bb5
{[%clk 0:00:55]} Bh8 {[%clk 0:02:35]} 63. Bd7 {[%clk 0:00:08]} Be4
{[%clk 0:02:43]} 64. Be6 {[%clk 0:00:55]} Kg5 {[%clk 0:02:31]} 65. h7
{[%clk 0:01:20]} d4 {[%clk 0:02:40]} 66. Bg8 {[%clk 0:01:17]} Kh6
{[%clk 0:03:00]} 67. Bb3 {[%clk 0:00:54]} Kxh7 {[%clk 0:03:14]} 68. Bd1
{[%clk 0:00:58]} Kh6 {[%clk 0:03:27]} 69. Be2 {[%clk 0:01:08]} Kg5
{[%clk 0:03:45]} 70. Bf1 {[%clk 0:01:25]} Kf4 {[%clk 0:03:55]} 71. Be2
{[%clk 0:01:22]} Bf6 {[%clk 0:04:04]} 72. Bh5 {[%clk 0:01:27]} Be7
{[%clk 0:04:10]} 73. Bd1 {[%clk 0:01:26]} Bb4+ {[%clk 0:04:25]} 74. Kc1
{[%clk 0:01:42]} Bc3 {[%clk 0:04:26]} 75. Bh5 {[%clk 0:01:58]} d3
{[%clk 0:04:27]} 76. Bd1 {[%clk 0:01:40]} d2# 0-1